1603 1955 1659 1058 1482 1082 1470 1002 1607 1443 1215 1491 1698 1576 1348 1889 1281 1613 1860 1337 1001 1100 1054 1239 1841 1668 1549 1446 1180 1843 1648 1481 1574 1869 1766 1777 1625 1239 1980 1341 1162 1877 1168 1958 1346 1879 1531 1922 1453 1540 1996 1986 1192 1300 1704 1993 1651 1577 1192 1168 1334 1531 1406 1971 1242 1077 1827 1859 1287 1191 1801 1858 1052 1271 1969 1783 1486 1168 1767 1752 1650 1248 1892 1495 1266 1171 1870 1519 1462 1167 1229 1734 1264 1608 1040 1040 1188 1166 1396 BCNSPRNW ULIB Ver.6.0+V

เปลี่ยนเป็นภาษาไทย

Change to English
 แสดงรายละเอียดบรรณานุกรม
  กลับหน้าหลัก

Brief Record : Get Marc (ISO 2709) : E-mail record : QR code < ปิดหน้าต่าง
LEADER : 00000nam 2200000uu 4500
001    13399126152
003     ULIB
008    180613s2558||||th 000 0 tha d
020    ^a9786165470728
040    ^absc
050  4 ^aPE1114^bส779ต
100 0  ^aสุทิน พูลสวัสดิ์
245 10 ^aเตรียมสอบ CU-TEP Chulalongkorn University Test of EnglishProficiency :^bภาษาอังกฤษเข้าจุฬาลงกรณ์มหาวิทยาลัย /^cSutinPoolsawad
246 30 ^aภาษาอังกฤษเข้าจุฬาลงกรณ์มหาวิทยาลัย
246 31 ^aChulalongkorn University Test of English Proficiency
246 31 ^aThe best test preparation for CU-TEP
250    ^aพิมพ์ครั้งที่ 6
260    ^aกรุงเทพฯ :^bศูนย์หนังสือ ที.จี.อาร์.อี,^c2558
300    ^a264 หน้า ;^c26 ซม. +^eซีดีรอม 1 แผ่น
610 24 ^aจุฬาลงกรณ์มหาวิทยาลัย^xการสอบคัดเลือก^vข้อสอบและเฉลย
650  0 ^aEnglish language^xExaminations
650  0 ^aEnglish language^vExaminations, questions, etc.
650  0 ^aEnglish language^vTextbooks for foreign speakers
650  4 ^aภาษาอังกฤษ^xการสอบ
650  4 ^aภาษาอังกฤษ^vข้อสอบและเฉลย
650  4 ^aภาษาอังกฤษ^vตำราสำหรับชนต่างชาติ
700 0  ^aSutin Poolsawad
910    ^aSend to UC
945    ^p440^l0^i004796
945    ^p440^l0^i004246
999    ^aประนอม เกษจรัล
รายการนี้ยังไม่มีแท็ก
คุณยังไม่ได้ล็อกอิน คุณสามารถมีกิจกรรมร่วมกับเว็บไซต์ได้ แต่ต้องล็อกอินก่อน ::
  ล็อกอิน

รายการสื่อสารสนเทศ

ลำดับที่ ประเภท เลขเรียก/บาร์โค้ด สถานที่ สถานะ
1. วิทยาศาสตร์การแพทย์ และสุขภาพ
หนังสือสำรอง
สถานะ=หนังสือสำรอง
PE1114 ส779ต ฉ.1 
  Barcode: 004246
ห้องสมุดวิทยาเขตนครสวรรค์
►นวนิยาย:l:Fiction
บนชั้น
2. การศึกษาทั่วไป
การศึกษาทั่วไป
PE1114 ส779ต ฉ.2 
  Barcode: 004796
ห้องสมุดวิทยาเขตสวรรค์ประชารักษ์
►หนังสือทั่วไป
ถูกยืม กำหนดส่งวันที่ 19 พฤศจิกายน 2567
  จอง

รายการใกล้เคียง
    ผู้แต่ง [สุทิน พูลสวัสดิ์]

BibComment


ยังไม่เคยถูกคอมเมนท์

คอมเมนท์ทรัพยากรรายการนี้
  คอมเมนท์: เตรียมสอบ CUTEP ..


 Copyright 2026. Bcnsprnw @Library